Oxford placement test
में बचाया:
| मुख्य लेखक: | |
|---|---|
| स्वरूप: | पुस्तक |
| भाषा: | Undetermined |
| प्रकाशित: |
Oxford, UK
Oxford Univesity Press
1992
|
| विषय: | |
| टैग : |
टैग जोड़ें
कोई टैग नहीं, इस रिकॉर्ड को टैग करने वाले पहले व्यक्ति बनें!
|
| Thư viện lưu trữ: | Trung tâm Học liệu Trường Đại học Cần Thơ |
|---|
| LEADER | 00533nam a2200193Ia 4500 | ||
|---|---|---|---|
| 001 | CTU_118911 | ||
| 008 | 210402s9999 xx 000 0 und d | ||
| 082 | |a 428.0076 | ||
| 082 | |b A417/C.1 | ||
| 100 | |a Allan, Dave | ||
| 245 | 0 | |a Oxford placement test | |
| 245 | 0 | |c Dave Allan | |
| 260 | |a Oxford, UK | ||
| 260 | |b Oxford Univesity Press | ||
| 260 | |c 1992 | ||
| 650 | |a English language,English language | ||
| 650 | |x Study and teaching,Listening | ||
| 904 | |i M.Loan | ||
| 980 | |a Trung tâm Học liệu Trường Đại học Cần Thơ | ||